| 000 | 00000nam 2200000zi 4500 |
| 001 | 9.939235 |
| 003 | CaOODSP |
| 005 | 20241129144952 |
| 006 | m o d f |
| 007 | cr mn||||||||| |
| 008 | 240612t20242024quca ob f000 0 fre d |
| 020 | |a9780660723150 |
| 040 | |aCaOODSP|bfre|erda|cCaOODSP |
| 043 | |an-cn-qu |
| 086 | 1 |aTU3-12/22-0005F-PDF |
| 110 | 2 |aBureau de la sécurité des transports du Canada.|eauteur, |eorganisme de publication. |
| 245 | 10|aAccident d'amarrage, traversier roulier Madeleine II, Cap-aux-Meules (Québec), 9 janvier 2022. |
| 264 | 1|aGatineau QC : |bBureau de la sécurité des transports du Canada = Transportation Safety Board of Canada, |c2024. |
| 264 | 4|c©2024 |
| 300 | |a1 ressource en ligne (39 pages) : |billustrations. |
| 336 | |atexte|btxt|2rdacontent/fre |
| 337 | |ainformatique|bc|2rdamedia/fre |
| 338 | |aressource en ligne|bcr|2rdacarrier/fre |
| 490 | 1 |aRapport d'enquête sur la sécurité du transport maritime ; |vM22C0005 |
| 500 | |aPublié aussi en anglais sous le titre : Mooring accident, roll-on/roll-off ferry Madeleine II, Cap-aux-Meules (Quebec), 09 January 2022. |
| 500 | |a« Publié le 10 juillet 2024. » |
| 504 | |aComprend des références bibliographiques. |
| 650 | 6|aNavigation|xAccidents|xEnquêtes|zQuébec (Province) |
| 775 | 08|tMooring accident, roll-on/roll-off ferry Madeleine II, Cap-aux-Meules (Quebec), 09 January 2022.|w(CaOODSP)9.939234 |
| 830 | #0|aRapport d'enquête sur la sécurité du transport maritime ;|vM22C0005.|w(CaOODSP)9.856046 |
| 856 | 40|qPDF|s2.15 Mo|uhttps://publications.gc.ca/collections/collection_2024/bst-tsb/TU3-12-22-0005-fra.pdf |
| 856 | 4 |qHTML|sS.O.|uhttps://www.bst-tsb.gc.ca/fra/rapports-reports/marine/2022/m22c0005/m22c0005.html |